<?xml version='1.0' encoding='UTF-8'?>
  <record xmlns="http://www.loc.gov/MARC21/slim">
    <leader>00000cam a22000007i 4500</leader>
    <controlfield tag="001">ocm66020985</controlfield>
    <controlfield tag="003">OCoLC</controlfield>
    <controlfield tag="005">20250723185601.6</controlfield>
    <controlfield tag="008">920908s1589    gw            000 0 ger d</controlfield>
    <datafield tag="040" ind1=" " ind2=" ">
      <subfield code="a">NLGGC</subfield>
      <subfield code="b">eng</subfield>
      <subfield code="e">rda</subfield>
      <subfield code="e">dcrmr</subfield>
      <subfield code="c">NLGGC</subfield>
      <subfield code="d">OCLCO</subfield>
      <subfield code="d">QGJ</subfield>
      <subfield code="d">OCLCO</subfield>
    </datafield>
    <datafield tag="029" ind1="0" ind2=" ">
      <subfield code="a">NLGGC</subfield>
      <subfield code="b">097576948</subfield>
    </datafield>
    <datafield tag="035" ind1=" " ind2=" ">
      <subfield code="a">(OCoLC)66020985</subfield>
    </datafield>
    <datafield tag="041" ind1="1" ind2=" ">
      <subfield code="a">ger</subfield>
      <subfield code="h">lat</subfield>
    </datafield>
    <datafield tag="100" ind1="1" ind2=" ">
      <subfield code="a">Zanchi, Girolamo,</subfield>
      <subfield code="d">1516-1590,</subfield>
      <subfield code="e">author.</subfield>
      <subfield code="4">aut</subfield>
      <subfield code="1">https://id.oclc.org/worldcat/entity/E39PBJdWPJfB8MXMxJD43hDDv3</subfield>
    </datafield>
    <datafield tag="240" ind1="1" ind2="0">
      <subfield code="a">De natura Dei.</subfield>
      <subfield code="p">Praefatio.</subfield>
      <subfield code="l">German</subfield>
      <subfield code="s">(Zum Lamb)</subfield>
    </datafield>
    <datafield tag="245" ind1="1" ind2="4">
      <subfield code="a">Ein schöne nützliche Epistel: Darinnen der Christlichen Kirchen stand in diser welt, erkläret, vnd mithinzu angezeiget wirdt, daß weder der Durchleuchtigst, Hochgeborne Churfürst, Pfaltzgraf Friderich, deß namens der dritte, hochlöblichster gedechtnis, noch seiner Churf. G. Kirchen (wie man sie dessen mit vngrund bezüchtiget) einiger Ketzerey vnd jrrthumb zugethan gewesen oder noch seyen: Auch was sich Christliche Regenten vnd Oberkeiten, in anrichtung, reformierung, vnd beschützung der Kirchen Gottes, in jhrem ampt verhalten sollen. /</subfield>
      <subfield code="c">Jn anno M.D.LXXVII. an den Durchleuchtigsten Hochgebornen Fürsten Herrn Johann Casimirn,  Pfaltzgrafen bey Rhein, Hertzogen in Bayern, [et]c. durch den hochgelehrten Hieronymum Zanchium H. Schrifft Doctorn, vnd damals deroselben Professorn in der löblichen Vniuersitet zu Heydelberg, Lateinisch geschriben. ; vnd jetzt auß erheblichen vrsachen Teutsch in druck gegeben.</subfield>
    </datafield>
    <datafield tag="264" ind1=" " ind2="1">
      <subfield code="a">Gedruckt zu Herborn in der Graffschafft Nassaw Catzenelnbogen, &amp;c. :</subfield>
      <subfield code="b">durch Christoff Raben.,</subfield>
      <subfield code="c">M. D. LXXXIX. [1589]</subfield>
    </datafield>
    <datafield tag="300" ind1=" " ind2=" ">
      <subfield code="a">66 pages ;</subfield>
      <subfield code="c">20 cm (4to)</subfield>
    </datafield>
    <datafield tag="336" ind1=" " ind2=" ">
      <subfield code="a">text</subfield>
      <subfield code="b">txt</subfield>
      <subfield code="2">rdacontent</subfield>
    </datafield>
    <datafield tag="337" ind1=" " ind2=" ">
      <subfield code="a">unmediated</subfield>
      <subfield code="b">n</subfield>
      <subfield code="2">rdamedia</subfield>
    </datafield>
    <datafield tag="338" ind1=" " ind2=" ">
      <subfield code="a">volume</subfield>
      <subfield code="b">nc</subfield>
      <subfield code="2">rdacarrier</subfield>
    </datafield>
    <datafield tag="340" ind1=" " ind2=" ">
      <subfield code="m">4ot</subfield>
      <subfield code="2">rdabf</subfield>
    </datafield>
    <datafield tag="500" ind1=" " ind2=" ">
      <subfield code="a">German translation by Marcus Zum Lamb of the preface to: Zanchi, Girolamo. De natura Dei.</subfield>
    </datafield>
    <datafield tag="510" ind1="4" ind2=" ">
      <subfield code="a">Verzeichnis der im deutschen Sprachbereich erschienenen Drucke des 16. Jahrhunderts (VD 16),</subfield>
      <subfield code="c">Z 83</subfield>
      <subfield code="u">https://gateway-bayern.de/VD16+Z+83</subfield>
    </datafield>
    <datafield tag="600" ind1="0" ind2="0">
      <subfield code="a">Friedrich</subfield>
      <subfield code="b">III,</subfield>
      <subfield code="c">Elector Palatine,</subfield>
      <subfield code="d">1515-1576.</subfield>
    </datafield>
    <datafield tag="600" ind1="0" ind2="0">
      <subfield code="a">Johann Casimir,</subfield>
      <subfield code="c">Count Palatine of the Rhine,</subfield>
      <subfield code="d">1543-1592.</subfield>
    </datafield>
    <datafield tag="600" ind1="1" ind2="0">
      <subfield code="a">Zanchi, Girolamo,</subfield>
      <subfield code="d">1516-1590.</subfield>
      <subfield code="t">De natura Dei.</subfield>
    </datafield>
    <datafield tag="650" ind1=" " ind2="0">
      <subfield code="a">Calvinism</subfield>
      <subfield code="v">Early works to 1800.</subfield>
    </datafield>
    <datafield tag="650" ind1=" " ind2="6">
      <subfield code="a">Calvinisme</subfield>
      <subfield code="v">Ouvrages avant 1800.</subfield>
    </datafield>
    <datafield tag="600" ind1="0" ind2="7">
      <subfield code="a">Johann Casimir,</subfield>
      <subfield code="c">Count Palatine of the Rhine,</subfield>
      <subfield code="d">1543-1592</subfield>
      <subfield code="2">fast</subfield>
    </datafield>
    <datafield tag="630" ind1="0" ind2="7">
      <subfield code="a">De natura Dei (Zanchi, Girolamo)</subfield>
      <subfield code="2">fast</subfield>
    </datafield>
    <datafield tag="655" ind1=" " ind2="7">
      <subfield code="a">Early works</subfield>
      <subfield code="2">fast</subfield>
    </datafield>
    <datafield tag="700" ind1="1" ind2=" ">
      <subfield code="a">Zum Lamm, Marcus,</subfield>
      <subfield code="d">1544-1606,</subfield>
      <subfield code="e">translator,</subfield>
      <subfield code="e">dedicator.</subfield>
      <subfield code="4">trl</subfield>
      <subfield code="4">dto</subfield>
      <subfield code="1">https://id.oclc.org/worldcat/entity/E39PBJp6bBhxfQJHQ8vd6xRdwC</subfield>
    </datafield>
    <datafield tag="700" ind1="0" ind2=" ">
      <subfield code="a">Friedrich</subfield>
      <subfield code="b">III,</subfield>
      <subfield code="c">Elector Palatine,</subfield>
      <subfield code="d">1515-1576,</subfield>
      <subfield code="e">dedicatee.</subfield>
      <subfield code="4">dte</subfield>
      <subfield code="1">https://id.oclc.org/worldcat/entity/E39PBJj8XRyFW89rM3kcvTPPcP</subfield>
    </datafield>
    <datafield tag="700" ind1="0" ind2=" ">
      <subfield code="a">Friedrich</subfield>
      <subfield code="b">IV,</subfield>
      <subfield code="c">Elector Palatine,</subfield>
      <subfield code="d">1574-1610,</subfield>
      <subfield code="e">dedicatee.</subfield>
      <subfield code="4">dte</subfield>
      <subfield code="1">https://id.oclc.org/worldcat/entity/E39PBJwdgHjr3wVVvP3JqX6qcP</subfield>
    </datafield>
    <datafield tag="700" ind1="1" ind2=" ">
      <subfield code="a">Rab, Christoph,</subfield>
      <subfield code="d">1552-1620,</subfield>
      <subfield code="e">printer.</subfield>
      <subfield code="4">prt</subfield>
      <subfield code="1">https://id.oclc.org/worldcat/entity/E39PBJx8KgTFyJqkKjDkD7hj4q</subfield>
    </datafield>
    <datafield tag="752" ind1=" " ind2=" ">
      <subfield code="a">Germany</subfield>
      <subfield code="d">Herborn,</subfield>
      <subfield code="e">publication place.</subfield>
      <subfield code="4">pup</subfield>
    </datafield>
  </record>